Hóa học và hóa lý polyme

Nội dung giới thiệu tổng quan về vật liêu Polyme, hóa học polyme bao gồm các phương pháp tổng hợp và biến tính polyme. Lý thuyết cơ sở, trạng thái và bản chất của các tính chất vật lý, cơ lý...

Guardado en:
Detalles Bibliográficos
Autor principal: Phan, Thanh Bình
Formato: Libro
Lenguaje:Undetermined
Publicado: Thành phố Hồ Chí Minh Nxb. Đại học Quốc gia Thành phố Hồ Chí Minh 2012
Materias:
Etiquetas: Agregar Etiqueta
Sin Etiquetas, Sea el primero en etiquetar este registro!
Thư viện lưu trữ: Trung tâm Học liệu Trường Đại học Cần Thơ
LEADER 00893nam a2200193Ia 4500
001 CTU_238631
008 210402s9999 xx 000 0 und d
082 |a 547.7 
082 |b B312 
100 |a Phan, Thanh Bình 
245 0 |a Hóa học và hóa lý polyme 
245 0 |c Phan Thanh Bình 
260 |a Thành phố Hồ Chí Minh 
260 |b Nxb. Đại học Quốc gia Thành phố Hồ Chí Minh 
260 |c 2012 
520 |a Nội dung giới thiệu tổng quan về vật liêu Polyme, hóa học polyme bao gồm các phương pháp tổng hợp và biến tính polyme. Lý thuyết cơ sở, trạng thái và bản chất của các tính chất vật lý, cơ lý... 
650 |a Conducting polymers,Tiến hành polyme 
904 |i Hải 
980 |a Trung tâm Học liệu Trường Đại học Cần Thơ